| 000 | 00982nam a22002891i 4500 | ||
|---|---|---|---|
| 001 | 1224579 | ||
| 003 | EG-ScBUE | ||
| 005 | 20250709082616.0 | ||
| 008 | 711108t1966 nyua f 001 0 eng | ||
| 040 |
_aEG-ScBUE _beng _erda _cEG-ScBUE _dEG-ScBUE |
||
| 082 | 0 | 4 |
_a541 _222 _bBAR |
| 100 | 1 |
_aBarrow, Gordon M., _96752 _eauthor. |
|
| 245 | 1 | 0 |
_aPhysical chemistry / _cGordon M. Barrow, professor of chemistry, Case Institute of Technology. |
| 250 | _aSecond edition. | ||
| 264 | 1 |
_aNew York : _bMcGraw-Hill Book Company, _c[1966] |
|
| 264 | 4 | _cc1966 | |
| 300 |
_axiii, 843 pages : _billustrations (some color) ; _c25 cm. |
||
| 336 |
_2rdacontent _atext _btxt |
||
| 337 |
_aunmediated _2rdamedia _bn |
||
| 338 |
_avolume _bnc _2rdacarrier |
||
| 490 | 0 | _aMcGraw-Hill series in undergraduate chemistry | |
| 500 | _aIncludes Appendices. | ||
| 500 | _aIncludes index. | ||
| 650 | 7 |
_aChemistry, Physical and theoretical. _96753 _2BUEsh |
|
| 655 | _vReading book | ||
| 942 |
_2ddc _cBB |
||
| 999 |
_c11981 _d11981 |
||